000 00321nam a22001457a 4500
003 SGT
020 _a9789387973381
082 _a635
_bB18K
100 _aKUMAR, N.
245 _aBREEDING OF HORTICULTURE CROPS
260 _aDELHI
_bNEW INDIA PUB
_c2018
300 _a202
650 _aHORTICULTURE
942 _2ddc
_cBK
_06
999 _c17018
_d17018